000 00364nam a2200157Ia 4500
003 OSt
005 20240208120701.0
008 170524s9999 xx 000 0 und d
020 _a8182040019
040 _cIIMT UNIVERSITY
100 _aSharma-D.D.
245 0 _aCOLD KITCHEN: A GUIDE TO FOR DE MANAGER
260 _bAman Pub
260 _c2004
942 _2ddc
_c02
999 _c7513
_d7513